Smooth particle applied mechanics (Record no. 120143)
[ view plain ]
| 000 -LEADER | |
|---|---|
| fixed length control field | 01348nam a2200325Ia 4500 |
| 100 1# - MAIN ENTRY--AUTHOR NAME | |
| Personal name | Hoover, William G. |
| 245 10 - TITLE STATEMENT | |
| Title | Smooth particle applied mechanics |
| 260 ## - PUBLICATION, DISTRIBUTION, ETC. (IMPRINT) | |
| Place of publication | Singapore : |
| Name of publisher | World Scientific, |
| Year of publication | c2006. |
| 300 ## - PHYSICAL DESCRIPTION | |
| Number of Pages | xiii, 300 p. : |
| Other physical details | ill. (some col.), 1 col. port. |
| 490 1# - SERIES STATEMENT | |
| Series statement | Advanced series in nonlinear dynamics ; |
| 650 #0 - SUBJECT ADDED ENTRY--TOPICAL TERM | |
| Topical Term | Mechanics, Analytic. |
| Topical Term | Mechanics, Applied |
| Topical Term | Particle methods (Numerical analysis) |
| 856 40 - ELECTRONIC LOCATION AND ACCESS | |
| Uniform Resource Identifier | http://site.ebrary.com/lib/rucke/Doc?id=10201434 |
No items available.
